000 01319cam a22003614a 4500
001 13187558
003 OSt
005 20160915183440.0
008 030506s2004 paua 001 0 eng
010 _a 2003053076
020 _a0-8036-1056-4
035 _a(DNLM)101178110
040 _aDNLM/DLC
_cDLC
_dDLC
042 _apcc
050 0 0 _aRT55
_b.N765 2004
060 1 0 _aWY 18.2
_bN967f 2003
082 0 0 _aDC 610.73
_22004
_bN89
100 1 _aNugent, Patricia Mary,
_d1944-
245 1 0 _aFundamentals success :
_ba course review applying critical thinking to test taking /
_cPatricia M. Nugent, Barbara A. Vitale.
260 _aPhiladelphia :
_bF. A. Davis,
_cc2004.
300 _axiii, 364 pages :
_billustrations ;
_c28 cm.
365 _b2,395.00
_cPhp
500 _aIncludes index.
650 0 _aNursing
_vExaminations, questions, etc.
650 0 _aNursing
_xExaminations
_vStudy guides.
650 0 _aCritical thinking.
650 1 2 _aNursing
_vExamination Questions.
650 2 2 _aProblem Solving
_vExamination Questions.
700 1 _aVitale, Barbara Ann,
_d1944-
906 _a7
_bcbc
_corignew
_d1
_eocip
_f20
_gy-gencatlg
942 _2ddc
_cDC
999 _c4539
_d4539